Magnitudes y unidades en química clínica. (Registro nro. 778)

Detalles MARC
000 -LEADER
fixed length control field 01086 am a2200229 a 4500
005 - FECHA ULTIMA MODIFICACION
control field 20240701095332.0
008 - CAMPO DE CONTROL (LIBRO)
fixed length control field 100930s1971||||ag d f |||| 001 0 spa d
020 ## - INTERNATIONAL STANDARD BOOK NUMBER
ISBN S/N
041 ## - CODIGO DE IDIOMA
Código de idioma del texto/pista de sonido o título separado spa
092 ## - SIGNATURA TOPOGRAFICA DEWEY LOCAL
número de clasificación 515.021
libristica 18
sección DYB
100 1# - ENTRADA PRINCIPAL--NOMBRE PERSONAL
Nombre personal Dybkaer, R.
9 (RLIN) 1416
245 ## - TITULO PROPIAMENTE DICHO
Título Magnitudes y unidades en química clínica.
Subtítulo y Título paralelo Incluye la Recomendación 1966 de la Comisión de Química Clínica, de la Unión Internacional de Química Pura y Aplicada y de la Federación Internacional de Química Clínica /
Mención de responsabilidad y remanente de la transcripción de la portada R. Dykaer
250 ## - MENCION DE EDICION
Mención de edición 1a ed. en español
Mención de responsabilidad relacionada con la ed. Traducción Luis Bertello.
260 ## - PIE DE IMPRENTA
Lugar de publicación, distribución, etc Buenos Aires:
Nombre de la editorial, distribuidor, etc EUDEBA;
Fecha de publicación 1971.
300 ## - DESCRIPCION FISICA
Extension 90 p.
500 ## - NOTA GENERAL
Nota general Dykaer, R. y Jorgensen, K. (1971). Magnitudes y unidades en química clínica. Incluye la Recomendación 1966 de la Comisión de Química Clínica, de la Unión Internacional de Química Pura y Aplicada y de la Federación Internacional de Química Clínica. (1a ed.). Buenos Aires : EUDEBA.
653 ## - TÉRMINO INDIZADO - PALABRAS CLAVES
Palabra clave Magnitudes y unidades
653 ## - TÉRMINO INDIZADO - PALABRAS CLAVES
Palabra clave Química clínica
700 1# - ENTRADAS SECUNDARIAS - NOMBRE PERSONAL
Nombre personal Jorgensen, K.
9 (RLIN) 1417
930 ## - NUMERO DE INVENTARIO
Número de inventario 755
942 ## - ADDED ENTRY ELEMENTS (KOHA)
Source of classification or shelving scheme Dewey Decimal Classification
Item type Libros
Existencias
Estado de retiro Existencia Estado general No para prestamo Ubicación permanente ubicación actual Sala de ubicación Fecha de adquisición Total Checkouts Número de clasificación Código de barras Date last seen Número de ejemplar Price effective from Koha tipo de elemento (item)
        Biblioteca Medicina Biblioteca Medicina Circulación 13/05/2011   515.021 18 DYB 755 06/11/2014 ej.1 13/05/2011 Libros

UNIVERSIDAD NACIONAL DEL COMAHUE
Biblioteca de la Facultad de Ciencias Médicas
Sede Toschi: Los Arrayanes y Av. Toschi, Cipolletti  - Rio Negro
Sede Los Tordos:  Yrigoyen al 2211, Cipolletti - Rio Negro 

Teléfono: 0299 - 4774707 int 25
Contacto: biblioteca@facimed.uncoma.edu.ar
© 2011 - 2026